|
|
|
|
| LEADER |
014180000a22004930004500 |
| 005 |
20200217203027.0 |
| 060 |
|
|
|a 100
|
| 245 |
|
|
|a Understanding power: the indispensable Chomsky
|
| 260 |
|
|
|a New Delhi :
|b Penguin Books,
|
| 440 |
|
|
|a 2003
|
| 100 |
|
|
|a Chomsky
|b Noam
|f Author
|
| 100 |
|
|
|a Mitchell
|b Peter R
|f Editor
|
| 100 |
|
|
|a Schoeffel
|b John
|f Editor
|
| 650 |
|
|
|a Political themes
|
| 650 |
|
|
|a Terrorism
|
| 650 |
|
|
|a Third world governments
|
| 650 |
|
|
|a Media: an industrial analysis
|
| 650 |
|
|
|a USA
|
| 650 |
|
|
|a Soviet Union in the cold war
|
| 650 |
|
|
|a Poverty-contemporary
|
| 650 |
|
|
|a Religious fanaticism
|
| 650 |
|
|
|a Anti-semitism
|
| 650 |
|
|
|a Democracy-future
|
| 650 |
|
|
|a Capitalism-Democracy
|
| 650 |
|
|
|a Military-industrial coplex
|
| 650 |
|
|
|a War economy
|
| 650 |
|
|
|a American Terrorism-Libyan
|
| 650 |
|
|
|a Racism-Business
|
| 650 |
|
|
|a Freedom
|
| 650 |
|
|
|a Peace-Threat
|
| 650 |
|
|
|a Vietnam war
|
| 650 |
|
|
|a Muslims-U S foreign policy
|
| 650 |
|
|
|a Cuba-Real crime
|
| 650 |
|
|
|a Leninist/capitalist intelligentsia
|
| 650 |
|
|
|a Marxism
|
| 650 |
|
|
|a Struggle
|
| 650 |
|
|
|a Social change
|
| 041 |
|
|
|a eng
|
| 050 |
|
|
|a 010
|
| 022 |
|
|
|a 12469
|c AV
|
| 082 |
|
|
|a 814
|d CHO
|
| 942 |
|
|
|c BK
|
| 999 |
|
|
|c 271980
|d 271980
|
| 952 |
|
|
|0 0
|1 0
|4 0
|6 814_000000000000000_CHOTB
|7 0
|9 289076
|a ENG
|b ENG
|d 2019-10-23
|l 0
|o 814 CHO(TB)
|p ENG12469
|r 2019-10-23
|w 2020-02-17
|y REF
|